[Event "BEL-chT 1415"]
[Site "Belgium"]
[Date "2015.02.08"]
[Round "8.1"]
[White "Kveinys, Aloyzas"]
[Black "Nieto, Emanuel"]
[Result "1-0"]
[WhiteElo "2536"]
[BlackElo "2246"]
[PlyCount "89"]
[EventDate "2014.09.28"]
[EventType "team-swiss"]
[EventRounds "11"]
[EventCountry "BEL"]
[SourceTitle "EXT 2016"]
[Source "ChessBase"]
[SourceDate "2015.10.08"]
[SourceVersion "1"]
[SourceVersionDate "2015.10.08"]
[SourceQuality "1"]
[WhiteTeam "Charleroi CREC"]
[BlackTeam "Temse"]
[WhiteTeamCountry "BEL"]
[BlackTeamCountry "BEL"]

1. d4 Nf6 2. Nf3 e6 3. Bf4 c5 4. e3 cxd4 5. exd4 Be7 6. Bd3 0-0 7. 0-0 d6 8. c4 b6 9. Nc3 Bb7 10. Qe2 Re8 11. Rfe1 Bf8 12. Bg5 Nbd7 13. h3 a6 14. a3 h6 15. Bh4 g5 16. Bg3 Nh5 17. Bh2 Ng7 18. b4 f5 19. Rad1 Qf6 20. Bc2 Rac8 21. Qd3 Bxf3 22. gxf3 Red8 23. f4 gxf4 24. Bxf4 Qh4 25. Bh2 Nf6 26. Bb3 Nfh5 27. Qe3 Kh7 28. Kh1 Be7 29. Ne2 Bg5 30. f4 Be7 31. Rg1 Nf6 32. Nc3 d5 33. Rxg7+ Kxg7 34. Qxe6 Kf8 35. Rg1 Qxh3 36. Rg3 Qf1+ 37. Bg1 dxc4 38. Nd5 Rxd5 39. Qxc8+ Rd8 40. Qxc4 Qxc4 41. Bxc4 b5 42. Be6 Rd6 43. d5 Rd8 44. Bb6 Ra8 45. Rg6 1-0

[Event "BEL-chT 1415"]
[Site "Belgium"]
[Date "2015.01.11"]
[Round "6.1"]
[White "Cornette, Matthieu"]
[Black "Nieto, Emanuel"]
[Result "1/2-1/2"]
[WhiteElo "2548"]
[BlackElo "2246"]
[PlyCount "82"]
[EventDate "2014.09.28"]
[EventType "team-swiss"]
[EventRounds "11"]
[EventCountry "BEL"]
[SourceTitle "EXT 2016"]
[Source "ChessBase"]
[SourceDate "2015.10.08"]
[SourceVersion "1"]
[SourceVersionDate "2015.10.08"]
[SourceQuality "1"]
[WhiteTeam "Amay"]
[BlackTeam "Temse"]
[WhiteTeamCountry "BEL"]
[BlackTeamCountry "BEL"]

1. Nf3 d5 2. c4 d4 3. b4 f6 4. Na3 e5 5. Nc2 Nh6 6. d3 Nf7 7. g3 a5 8. b5 Nd7 9. Bg2 Nc5 10. 0-0 Be7 11. Ba3 0-0 12. e3 dxe3 13. Nxe3 Ne6 14. Bxe7 Qxe7 15. Nd5 Qc5 16. Nd2 Rd8 17. Ne4 Qf8 18. Qh5 c6 19. Ndxf6+ gxf6 20. Nxf6+ Kg7 21. Nxh7 Qd6 22. Be4 Nc5 23. Ng5 Nh6 24. Ne6+ Bxe6 25. Qg6+ Kf8 26. Qxh6+ Ke8 27. Rfe1 Kd7 28. bxc6+ bxc6 29. Qg7+ Kc8 30. Bh7 Nd7 31. Rad1 Rf8 32. d4 Rf7 33. Qh6 Kc7 34. Be4 exd4 35. Bg2 Re7 36. Qh4 d3 37. Rxd3 Qxd3 38. Qxe7 Bxc4 39. Bf1 Qd5 40. Bxc4 Qxc4 41. Rd1 Rd8 1/2-1/2

[Event "BEL-chT 1415"]
[Site "Belgium"]
[Date "2014.11.16"]
[Round "4.1"]
[White "Michiels, Bart"]
[Black "Nieto, Emanuel"]
[Result "1-0"]
[WhiteElo "2546"]
[BlackElo "2246"]
[PlyCount "61"]
[EventDate "2014.09.28"]
[EventType "team-swiss"]
[EventRounds "11"]
[EventCountry "BEL"]
[SourceTitle "EXT 2015"]
[Source "ChessBase"]
[SourceDate "2014.11.20"]
[SourceVersion "1"]
[SourceVersionDate "2014.11.20"]
[SourceQuality "1"]
[WhiteTeam "KGSRL"]
[BlackTeam "Temse"]
[WhiteTeamCountry "BEL"]
[BlackTeamCountry "BEL"]

1. d4 d5 2. c4 e6 3. Nc3 c6 4. e3 Nd7 5. Qc2 Ngf6 6. Nf3 b6 7. Bd3 Bb7 8. 0-0 dxc4 9. Bxc4 c5 10. Rd1 cxd4 11. exd4 Bxf3 12. gxf3 Bd6 13. d5 e5 14. Bg5 h6 15. Bh4 g5 16. Bg3 a6 17. Rac1 Kf8 18. Qf5 Ne8 19. Ne4 Qe7 20. Bd3 Ng7 21. Qh3 Nc5 22. Nxd6 Qxd6 23. b4 Nxd3 24. Rxd3 Re8 25. Rc8 h5 26. a3 h4 27. Rc6 Qd8 28. Bxe5 Nh5 29. Qf5 Rg8 30. Rd1 Nf4 31. Rc7 1-0

[Event "BEL-chT 1415"]
[Site "Belgium"]
[Date "2014.09.28"]
[Round "1.1"]
[White "Fiebig, Thomas"]
[Black "Nieto, Emanuel"]
[Result "1/2-1/2"]
[WhiteElo "2398"]
[BlackElo "2246"]
[PlyCount "40"]
[EventDate "2014.09.28"]
[EventType "team-swiss"]
[EventRounds "11"]
[EventCountry "BEL"]
[SourceTitle "CBM 162 Extra"]
[Source "ChessBase"]
[SourceDate "2014.10.17"]
[SourceVersion "1"]
[SourceVersionDate "2014.10.17"]
[SourceQuality "1"]
[WhiteTeam "KSK Rochade"]
[BlackTeam "Temse"]
[WhiteTeamCountry "BEL"]
[BlackTeamCountry "BEL"]

1. e4 c5 2. c3 d5 3. exd5 Qxd5 4. Nf3 Nc6 5. d4 Bg4 6. dxc5 Qxd1+ 7. Kxd1 e5 8. b4 a5 9. Bb5 Nge7 10. Kc2 axb4 11. Nxe5 Bf5+ 12. Kb2 f6 13. Nc4 Nd5 14. Nb6 Nxb6 15. cxb6 bxc3+ 16. Nxc3 Ba3+ 17. Kb3 Be6+ 18. Kc2 Bf5+ 19. Kb3 Be6+ 20. Kc2 Bf5+ 1/2-1/2

[Event "BEL-chT 1112"]
[Site "Belgium"]
[Date "2011.11.20"]
[Round "4.4"]
[White "Nieto, Emanuel"]
[Black "Gohla, Ulf"]
[Result "1-0"]
[WhiteElo "2275"]
[BlackElo "2182"]
[PlyCount "61"]
[EventDate "2011.10.09"]
[EventType "team-tourn"]
[EventRounds "11"]
[EventCountry "BEL"]
[SourceTitle "EXT 2012"]
[Source "ChessBase"]
[SourceDate "2011.11.24"]
[SourceVersion "1"]
[SourceVersionDate "2011.11.24"]
[SourceQuality "1"]
[WhiteTeam "Borgerhout"]
[BlackTeam "Eynatten"]
[WhiteTeamCountry "BEL"]
[BlackTeamCountry "BEL"]

1. e4 e5 2. Nf3 Nc6 3. Bc4 Bc5 4. d3 d6 5. c3 Nf6 6. 0-0 a6 7. h3 Ba7 8. Bb3 h6 9. Re1 0-0 10. Nbd2 Qe7 11. Nf1 Be6 12. Bc2 Rad8 13. Ng3 Nh7 14. d4 Bc8 15. Be3 Nb8 16. Nh2 Qh4 17. Nf3 Qe7 18. Qe2 c5 19. Rad1 cxd4 20. cxd4 Nc6 21. d5 Bxe3 22. Qxe3 Nb8 23. Rc1 Ng5 24. Nd2 b5 25. Bd3 Qb7 26. Nb3 Bd7 27. Na5 Qa8 28. Rc7 Bxh3 29. Ra7 Qxa7 30. Qxa7 Bg4 31. Rc1 1-0

[Event "Zwijndrecht op"]
[Site "Zwijndrecht"]
[Date "2010.12.29"]
[Round "7"]
[White "Docx, Stefan"]
[Black "Nieto, Emanuel"]
[Result "0-1"]
[WhiteElo "2342"]
[BlackElo "2272"]
[PlyCount "70"]
[EventDate "2010.12.26"]
[EventType "swiss"]
[EventRounds "9"]
[EventCountry "BEL"]
[SourceTitle "CBM 140 Extra"]
[Source "ChessBase"]
[SourceDate "2011.03.01"]
[SourceVersion "1"]
[SourceVersionDate "2011.03.01"]
[SourceQuality "1"]

1. d4 e6 2. c4 b6 3. Nf3 Nf6 4. g3 Bb4+ 5. Bd2 a5 6. Bg2 Bb7 7. 0-0 0-0 8. Nc3 d6 9. Qc2 Nbd7 10. Rfe1 Bxc3 11. Bxc3 Be4 12. Qa4 c6 13. Bf1 Qb8 14. Qd1 b5 15. b3 d5 16. Nd2 b4 17. Bb2 Bg6 18. Rc1 h5 19. Bg2 h4 20. a4 hxg3 21. hxg3 Ne4 22. Nxe4 Bxe4 23. Bxe4 dxe4 24. d5 cxd5 25. cxd5 e3 26. Qd4 exf2+ 27. Kxf2 e5 28. Qh4 Ra6 29. Rh1 Rh6 30. Qe7 Rxh1 31. Rxh1 Nf6 32. Ke1 Re8 33. Qc5 Rd8 34. Qc4 Nxd5 35. Bxe5 Qxe5 0-1

[Event "Zwijndrecht op"]
[Site "Zwijndrecht"]
[Date "2010.12.28"]
[Round "5"]
[White "Nieto, Emanuel"]
[Black "Stuer, Marc"]
[Result "1/2-1/2"]
[WhiteElo "2272"]
[BlackElo "2091"]
[PlyCount "81"]
[EventDate "2010.12.26"]
[EventType "swiss"]
[EventRounds "9"]
[EventCountry "BEL"]
[SourceTitle "CBM 140 Extra"]
[Source "ChessBase"]
[SourceDate "2011.03.01"]
[SourceVersion "1"]
[SourceVersionDate "2011.03.01"]
[SourceQuality "1"]

1. d4 f5 2. c4 Nf6 3. Nc3 g6 4. h4 d6 5. h5 Nxh5 6. Rxh5 gxh5 7. e4 c6 8. Qxh5+ Kd7 9. Qxf5+ Kc7 10. Qa5+ b6 11. Qa4 Bg7 12. Be3 Bd7 13. Nf3 c5 14. Qa3 Nc6 15. dxc5 dxc5 16. 0-0-0 Kb7 17. g3 Qe8 18. Bg2 Bxc3 19. Qxc3 e5 20. Nh4 Nd4 21. Bxd4 cxd4 22. Qd3 Bc6 23. Nf5 Rd8 24. Rh1 h5 25. Kb1 Rf8 26. Qf3 d3 27. g4 d2 28. Rd1 hxg4 29. Qxg4 Qd7 30. Bf1 Rg8 31. Qe2 Rg1 32. f3 b5 33. c5 b4 34. Nd6+ Ka8 35. Qxd2 Rf8 36. Be2 Rxd1+ 37. Bxd1 a5 38. Be2 Rh8 39. b3 Rh1+ 40. Kc2 Rh2 41. Qd3 1/2-1/2

[Event "Zwijndrecht op"]
[Site "Zwijndrecht"]
[Date "2010.12.28"]
[Round "6"]
[White "Van Herck, Marcel"]
[Black "Nieto, Emanuel"]
[Result "0-1"]
[WhiteElo "2110"]
[BlackElo "2272"]
[PlyCount "68"]
[EventDate "2010.12.26"]
[EventType "swiss"]
[EventRounds "9"]
[EventCountry "BEL"]
[SourceTitle "CBM 140 Extra"]
[Source "ChessBase"]
[SourceDate "2011.03.01"]
[SourceVersion "1"]
[SourceVersionDate "2011.03.01"]
[SourceQuality "1"]

1. c4 g6 2. Nc3 Bg7 3. Nf3 d6 4. d4 Nf6 5. e4 0-0 6. h3 c6 7. Be3 Na6 8. Qd2 e5 9. 0-0-0 Qc7 10. dxe5 dxe5 11. Qd6 Re8 12. Qxc7 Nxc7 13. Be2 h6 14. Ne1 Ne6 15. Nc2 Bf8 16. Bg4 Kg7 17. f3 h5 18. Bxe6 Bxe6 19. b3 Be7 20. h4 Nd7 21. Kb2 a6 22. Na4 b5 23. cxb5 axb5 24. Nb6 Nxb6 25. Bxb6 Rec8 26. Bf2 Ra6 27. a3 c5 28. Be1 Rca8 29. g3 f6 30. Bd2 Kf7 31. Be3 c4 32. b4 c3+ 33. Kxc3 Rxa3+ 34. Kd2 Rd8+ 0-1

[Event "BEL-chT 1011"]
[Site "Belgium"]
[Date "2010.12.05"]
[Round "5.5"]
[White "Timmermans, Daniel"]
[Black "Nieto, Emanuel"]
[Result "0-1"]
[WhiteElo "1965"]
[BlackElo "2332"]
[PlyCount "84"]
[EventDate "2010.09.26"]
[EventType "team-tourn"]
[EventRounds "11"]
[EventCountry "BEL"]
[SourceTitle "EXT 2012"]
[Source "ChessBase"]
[SourceDate "2011.11.24"]
[SourceVersion "1"]
[SourceVersionDate "2011.11.24"]
[SourceQuality "1"]
[WhiteTeam "Liege Crelel"]
[BlackTeam "Borgerhout"]
[WhiteTeamCountry "BEL"]
[BlackTeamCountry "BEL"]

1. d4 Nf6 2. c4 e6 3. Nc3 Bb4 4. e3 b6 5. Nge2 Ba6 6. Qa4 c5 7. a3 Bxc3+ 8. Nxc3 0-0 9. Be2 cxd4 10. exd4 d5 11. c5 Bxe2 12. Nxe2 bxc5 13. dxc5 Ne4 14. Be3 e5 15. f3 d4 16. fxe4 dxe3 17. Rd1 Qh4+ 18. g3 Qh3 19. Qb3 Nc6 20. Qxe3 f5 21. Kd2 f4 22. Qf3 Rab8 23. Kc1 Qe6 24. Qd3 f3 25. Nc3 Nd4 26. Nd5 Rfc8 27. b4 a5 28. Qc4 Kh8 29. Rxd4 exd4 30. Qxd4 axb4 31. axb4 Rf8 32. Rf1 Ra8 33. Rf2 Ra3 34. Kd2 Qh6+ 35. Nf4 Qa6 36. Kc2 Ra8 37. Kd2 Qb5 38. Nd3 Rxd3+ 39. Qxd3 Qxb4+ 40. Ke3 Qxc5+ 41. Kf4 Qxf2 42. Qd5 Rf8+ 0-1

[Event "BEL-chT 1011"]
[Site "Belgium"]
[Date "2010.11.07"]
[Round "3.5"]
[White "Hautot, Stephane"]
[Black "Nieto, Emanuel"]
[Result "1-0"]
[WhiteElo "2453"]
[BlackElo "2332"]
[PlyCount "83"]
[EventDate "2010.09.26"]
[EventType "team-tourn"]
[EventRounds "11"]
[EventCountry "BEL"]
[SourceTitle "EXT 2012"]
[Source "ChessBase"]
[SourceDate "2011.11.24"]
[SourceVersion "1"]
[SourceVersionDate "2011.11.24"]
[SourceQuality "1"]
[WhiteTeam "Ans"]
[BlackTeam "Borgerhout"]
[WhiteTeamCountry "BEL"]
[BlackTeamCountry "BEL"]

1. e4 e5 2. d4 exd4 3. Nf3 Nc6 4. Bc4 Nf6 5. e5 d5 6. Bb5 Ne4 7. Nxd4 Bd7 8. Bxc6 bxc6 9. 0-0 Bc5 10. f3 Ng5 11. f4 Ne4 12. Be3 Bb6 13. Nc3 Nxc3 14. bxc3 Qe7 15. Qf3 Qa3 16. Bf2 0-0 17. f5 c5 18. Nb3 c4 19. Nd4 c5 20. Ne2 d4 21. f6 d3 22. cxd3 cxd3 23. Qxd3 Qa4 24. c4 Be6 25. Rac1 Rfd8 26. Qg3 g6 27. Nf4 Qe8 28. Qh4 Rd7 29. Nxe6 fxe6 30. Rcd1 Rad8 31. Rxd7 Rxd7 32. Be3 h5 33. Qe4 Kf7 34. Qf4 Qf8 35. Qf3 Qb8 36. Qf4 Qf8 37. h3 Qh8 38. Rf3 Rd1+ 39. Kh2 Rd7 40. Qe4 Qc8 41. Rg3 Qg8 42. Bxc5 1-0

[Event "BEL-chT 1011"]
[Site "Belgium"]
[Date "2010.10.10"]
[Round "2.5"]
[White "Nieto, Emanuel"]
[Black "Werner, Ivan"]
[Result "1-0"]
[WhiteElo "2332"]
[BlackElo "2098"]
[PlyCount "77"]
[EventDate "2010.09.26"]
[EventType "team-tourn"]
[EventRounds "11"]
[EventCountry "BEL"]
[SourceTitle "EXT 2012"]
[Source "ChessBase"]
[SourceDate "2011.11.24"]
[SourceVersion "1"]
[SourceVersionDate "2011.11.24"]
[SourceQuality "1"]
[WhiteTeam "Borgerhout"]
[BlackTeam "Namur"]
[WhiteTeamCountry "BEL"]
[BlackTeamCountry "BEL"]

1. e4 Nf6 2. e5 Nd5 3. c4 Nb6 4. d4 d6 5. f4 dxe5 6. fxe5 Nc6 7. Be3 Bf5 8. Nc3 e6 9. Nf3 Qd7 10. Be2 0-0-0 11. 0-0 Bg4 12. c5 Nd5 13. Bf2 f6 14. Nxd5 Qxd5 15. Qa4 a6 16. Rad1 Ne7 17. b4 Bxf3 18. Bxf3 Qc4 19. Rc1 Qb5 20. Qb3 Nd5 21. a4 Qe8 22. Rfe1 f5 23. b5 axb5 24. axb5 c6 25. bxc6 Qxc6 26. Bh4 Re8 27. Ra1 Kd7 28. Ra7 Rb8 29. Rb1 Kc8 30. Qa2 Qd7 31. Qb2 Qc6 32. Bd1 Nc7 33. Ba4 Qe4 34. Bf2 b5 35. cxb6 Nd5 36. Qc1+ Kd8 37. Qg5+ Be7 38. Rd7+ Kc8 39. Rc1+ 1-0

[Event "BEL-chT 0910"]
[Site "Belgium"]
[Date "2009.10.18"]
[Round "2"]
[White "Nieto, Emanuel"]
[Black "Marville, Gregoire"]
[Result "1-0"]
[WhiteElo "2246"]
[BlackElo "2081"]
[PlyCount "51"]
[EventDate "2009.09.27"]
[EventType "team-tourn"]
[EventRounds "11"]
[EventCountry "BEL"]
[SourceTitle "EXT 2011"]
[Source "ChessBase"]
[SourceDate "2010.11.26"]
[SourceVersion "1"]
[SourceVersionDate "2010.11.26"]
[SourceQuality "1"]
[WhiteTeam "Borgerhout"]
[BlackTeam "Liege Crelel"]
[WhiteTeamCountry "BEL"]
[BlackTeamCountry "BEL"]

1. d4 d5 2. c4 e6 3. Nc3 c6 4. Nf3 Nf6 5. e3 Bd6 6. b3 Nbd7 7. Be2 0-0 8. 0-0 Ne4 9. Bb2 f5 10. Nxe4 dxe4 11. Ne5 Nxe5 12. dxe5 Be7 13. Qc2 Qc7 14. c5 b6 15. Bd4 Bd7 16. a4 b5 17. axb5 cxb5 18. Ra6 Bc6 19. Rfa1 Rfd8 20. Qa2 Rd7 21. Qa5 Bd8 22. Bxb5 Qb8 23. Bxc6 Bxa5 24. Bxd7 Bc7 25. Bxe6+ Kh8 26. Bd5 1-0

[Event "EU-Cup 25th"]
[Site "Ohrid"]
[Date "2009.10.10"]
[Round "7.5"]
[White "Nieto, Emanuel"]
[Black "Nabaty, Tamir"]
[Result "1-0"]
[WhiteElo "2246"]
[BlackElo "2514"]
[PlyCount "129"]
[EventDate "2009.10.04"]
[EventType "team-swiss"]
[EventRounds "7"]
[EventCountry "MKD"]
[SourceTitle "CBM 133"]
[Source "ChessBase"]
[SourceDate "2009.11.19"]
[SourceVersion "1"]
[SourceVersionDate "2009.11.19"]
[SourceQuality "1"]
[WhiteTeam "Borgerhout"]
[BlackTeam "Beer Sheva"]
[WhiteTeamCountry "BEL"]
[BlackTeamCountry "ISR"]

1. d4 d5 2. c4 dxc4 3. Nf3 c6 4. e3 Be6 5. a4 Nf6 6. Na3 Bd5 7. Nxc4 e6 8. Be2 c5 9. 0-0 Nc6 10. a5 cxd4 11. a6 b5 12. Nce5 Nxe5 13. Nxe5 Rb8 14. Nf3 d3 15. Bxd3 Bxf3 16. gxf3 Bd6 17. Qe2 0-0 18. Bxb5 Nd5 19. f4 e5 20. Rd1 Nc7 21. fxe5 Qg5+ 22. Kh1 Qxe5 23. Rxd6 Qxd6 24. Bc4 Rfd8 25. b3 Nd5 26. Qf3 Qe5 27. Ra5 Rbc8 28. Bd2 Qf6 29. Qxf6 Nxf6 30. Bc3 Ne4 31. Bd4 Rc7 32. Kg2 Nd6 33. Bd3 f6 34. h4 Kf7 35. h5 g6 36. f4 Ke6 37. Kf3 Nf5 38. Bxf5+ gxf5 39. b4 Rd5 40. Ra1 Rb5 41. Bc5 Rb8 42. Rg1 Rd8 43. h6 Rc6 44. Ra1 Rc7 45. Ra2 Rd1 46. Ke2 Rh1 47. Kd3 Kd5 48. Ra5 Rd1+ 49. Ke2 Rc1 50. Bb6+ Ke4 51. Bxc7 Rc2+ 52. Kd1 Rxc7 53. b5 Rc8 54. Kd2 Rd8+ 55. Kc3 Rc8+ 56. Kb3 Kxe3 57. Ra4 Rc1 58. Rc4 Rb1+ 59. Ka4 Kf3 60. Rc7 Kxf4 61. Rxa7 Kg5 62. Rxh7 f4 63. Rc7 f3 64. Rc2 Kxh6 65. Rf2 1-0

[Event "EU-Cup 25th"]
[Site "Ohrid"]
[Date "2009.10.08"]
[Round "5.6"]
[White "Csiszar, Zoltan"]
[Black "Nieto, Emanuel"]
[Result "0-1"]
[WhiteElo "2275"]
[BlackElo "2246"]
[PlyCount "88"]
[EventDate "2009.10.04"]
[EventType "team-swiss"]
[EventRounds "7"]
[EventCountry "MKD"]
[SourceTitle "CBM 133"]
[Source "ChessBase"]
[SourceDate "2009.11.19"]
[SourceVersion "1"]
[SourceVersionDate "2009.11.19"]
[SourceQuality "1"]
[WhiteTeam "Zalaegerszeg"]
[BlackTeam "Borgerhout"]
[WhiteTeamCountry "HUN"]
[BlackTeamCountry "BEL"]

1. d4 Nf6 2. c4 e6 3. Nc3 Bb4 4. Qc2 c5 5. dxc5 Bxc5 6. Nf3 Qb6 7. e3 Qc7 8. Be2 a6 9. 0-0 0-0 10. e4 Nc6 11. Bg5 Ng4 12. Qd2 f5 13. Bf4 Qb6 14. Bg3 f4 15. Na4 Qa7 16. Bxf4 Bxf2+ 17. Kh1 Be3 18. Bxe3 Nxe3 19. Rfe1 Ng4 20. c5 Nf2+ 21. Kg1 Nxe4 22. Qc2 d5 23. Nb6 Rb8 24. a3 Nf6 25. Bd3 h6 26. b4 Bd7 27. Nxd7 Nxd7 28. Rxe6 Rxf3 29. Rxc6 bxc6 30. gxf3 a5 31. Re1 Nf6 32. Re6 axb4 33. Rxc6 b3 34. Qb1 Qe7 35. Bf5 Qe3+ 36. Kg2 Qe2+ 37. Kg1 Qxf3 38. Be6+ Kh8 39. Qf5 Qd1+ 40. Kg2 Qe2+ 41. Kg3 b2 42. Rb6 Rxb6 43. cxb6 Nh5+ 44. Kh3 Qxe6 0-1

[Event "EU-Cup 25th"]
[Site "Ohrid"]
[Date "2009.10.05"]
[Round "2.6"]
[White "Peschel, Andreas"]
[Black "Nieto, Emanuel"]
[Result "1/2-1/2"]
[WhiteElo "2219"]
[BlackElo "2246"]
[PlyCount "95"]
[EventDate "2009.10.04"]
[EventType "team-swiss"]
[EventRounds "7"]
[EventCountry "MKD"]
[SourceTitle "CBM 133"]
[Source "ChessBase"]
[SourceDate "2009.11.19"]
[SourceVersion "1"]
[SourceVersionDate "2009.11.19"]
[SourceQuality "1"]
[WhiteTeam "Solingen SG"]
[BlackTeam "Borgerhout"]
[WhiteTeamCountry "GER"]
[BlackTeamCountry "BEL"]

1. d4 Nf6 2. Nf3 e6 3. e3 b6 4. Bd3 Bb7 5. Nbd2 d6 6. 0-0 Nbd7 7. Qe2 g6 8. Rd1 Bg7 9. e4 0-0 10. Nf1 h6 11. e5 Ne8 12. Bf4 Qe7 13. Re1 dxe5 14. Nxe5 c5 15. c3 Rd8 16. Rad1 cxd4 17. cxd4 Nxe5 18. dxe5 Qb4 19. Bc1 Nc7 20. Ng3 Rd5 21. a3 Qa4 22. Bc2 Qa6 23. Qg4 Rfd8 24. Rxd5 Rxd5 25. h4 Qb5 26. Rd1 Rxd1+ 27. Qxd1 Qxe5 28. Qd8+ Kh7 29. h5 Qd5 30. hxg6+ fxg6 31. Qxd5 exd5 32. Nh5 Ne6 33. Nxg7 Kxg7 34. f4 g5 35. fxg5 Nxg5 36. Kf2 Kf6 37. Bf4 Bc8 38. Ke3 Bf5 39. Bb3 Be4 40. g3 Kf5 41. Bd1 b5 42. Be2 a6 43. a4 bxa4 44. Bxa6 Bc2 45. Bc8+ Kf6 46. Bg4 Bb3 47. Bd7 Ke7 48. Bg4 1/2-1/2

[Event "Brasschaat op 09th"]
[Site "Brasschaat"]
[Date "2009.08.23"]
[Round "9"]
[White "Nieto, Emanuel"]
[Black "Bomans, Arno"]
[Result "1-0"]
[WhiteElo "2246"]
[BlackElo "2102"]
[PlyCount "145"]
[EventDate "2009.08.15"]
[EventType "swiss"]
[EventRounds "9"]
[EventCountry "BEL"]
[SourceTitle "CBM 131 Extra"]
[Source "ChessBase"]
[SourceDate "2009.09.03"]
[SourceVersion "2"]
[SourceVersionDate "2009.09.16"]
[SourceQuality "1"]

1. e4 e6 2. d4 d5 3. Nc3 Bb4 4. exd5 exd5 5. Bd3 Nc6 6. a3 Ba5 7. Be3 Nf6 8. h3 0-0 9. Nge2 Nb8 10. b4 Bb6 11. Na4 Be6 12. Nc5 Bxc5 13. dxc5 Nc6 14. Bg5 h6 15. Bh4 g5 16. Bg3 Nh5 17. 0-0 Nxg3 18. Nxg3 f6 19. Qh5 Qd7 20. Qxh6 Qg7 21. Qxg7+ Kxg7 22. Rae1 Rae8 23. Bb5 Rh8 24. Bxc6 bxc6 25. c3 Bc8 26. Rd1 f5 27. Rfe1 f4 28. Nf1 g4 29. hxg4 Bxg4 30. f3 Bc8 31. Kf2 Rxe1 32. Rxe1 Kf6 33. Nd2 a5 34. Nb3 a4 35. Nd4 Bd7 36. Ne2 Rh4 37. Rd1 Be6 38. Rd4 Kg5 39. Kg1 Bc8 40. b5 cxb5 41. Rxd5+ Kf6 42. c6 Be6 43. Rxb5 Bc4 44. Rb2 Bxe2 45. Rxe2 Rh6 46. Re4 Kf5 47. Rc4 Rd6 48. g3 fxg3 49. Kg2 Rg6 50. Rxa4 Rxc6 51. c4 Kf4 52. c5+ Ke3 53. Re4+ Kd3 54. Re5 Kd4 55. f4 Ra6 56. Kxg3 Rxa3+ 57. Kg4 c6 58. Kg5 Rf3 59. Rf5 Rh3 60. Kf6 Ke4 61. Ke6 Rc3 62. Rh5 Kxf4 63. Kd6 Kg4 64. Re5 Kf4 65. Re1 Rd3+ 66. Kxc6 Kf5 67. Kb7 Rb3+ 68. Kc7 Rc3 69. c6 Kf6 70. Kd7 Rd3+ 71. Kc8 Rc3 72. c7 Kf7 73. Rb1 1-0

[Event "Brasschaat op 09th"]
[Site "Brasschaat"]
[Date "2009.08.21"]
[Round "7"]
[White "Nieto, Emanuel"]
[Black "Du Pont, David"]
[Result "1/2-1/2"]
[WhiteElo "2246"]
[BlackElo "2121"]
[PlyCount "113"]
[EventDate "2009.08.15"]
[EventType "swiss"]
[EventRounds "9"]
[EventCountry "BEL"]
[SourceTitle "CBM 131 Extra"]
[Source "ChessBase"]
[SourceDate "2009.09.03"]
[SourceVersion "2"]
[SourceVersionDate "2009.09.16"]
[SourceQuality "1"]

1. e4 c5 2. Nf3 Nc6 3. Bb5 Nf6 4. Bxc6 dxc6 5. d3 Bg4 6. Nbd2 Nd7 7. h3 Bh5 8. g4 Bg6 9. h4 f6 10. Nc4 e5 11. h5 Bf7 12. g5 Qc7 13. h6 0-0-0 14. hxg7 Bxg7 15. Ne3 c4 16. Nxc4 f5 17. Qe2 Nc5 18. Be3 fxe4 19. dxe4 b5 20. Ncd2 Na4 21. 0-0-0 Bxa2 22. Nb3 Bxb3 23. cxb3 Nb6 24. Rxd8+ Kxd8 25. Nh4 Kc8 26. Nf5 Kb7 27. Kb1 a5 28. Qc2 Nc8 29. Bc5 Bf8 30. g6 Bg7 31. gxh7 Bf6 32. Rh6 Bd8 33. Nd6+ Nxd6 34. Bxd6 Qg7 35. Re6 Qd7 36. Bxe5 Rxh7 37. Rd6 Qe8 38. f4 Bc7 39. Rf6 Bxe5 40. fxe5 Re7 41. Qf2 Rxe5 42. Rf8 Qd7 43. Qf6 Re7 44. e5 Qe6 45. Qxe6 Rxe6 46. Rf5 Kb6 47. Kc2 Kc5 48. Kc3 Kd5 49. Rf8 Rxe5 50. Ra8 Re3+ 51. Kc2 Re2+ 52. Kb1 Kc5 53. Rxa5 Kb4 54. Ra3 c5 55. Kc1 Rh2 56. Kb1 Rh3 57. Kc2 1/2-1/2

[Event "BEL-chT 0809"]
[Site "Belgium"]
[Date "2009.01.18"]
[Round "7.6"]
[White "Soors, Stef"]
[Black "Nieto, Emanuel"]
[Result "0-1"]
[WhiteElo "2197"]
[BlackElo "2276"]
[PlyCount "150"]
[EventDate "2008.10.05"]
[EventType "team-tourn"]
[EventRounds "11"]
[EventCountry "BEL"]
[SourceTitle "EXT 2010"]
[Source "ChessBase"]
[SourceDate "2010.11.25"]
[SourceVersion "1"]
[SourceVersionDate "2010.11.25"]
[SourceQuality "1"]
[WhiteTeam "Liege Crelel"]
[BlackTeam "Borgerhout"]
[WhiteTeamCountry "BEL"]
[BlackTeamCountry "BEL"]

1. d4 Nf6 2. c4 e6 3. Nc3 Bb4 4. e3 b6 5. Nge2 Ne4 6. Qc2 Bb7 7. a3 Bxc3+ 8. Nxc3 Nxc3 9. Qxc3 Qh4 10. b3 d6 11. Bb2 Nd7 12. c5 Bd5 13. cxd6 cxd6 14. Bb5 Qg5 15. Rc1 Rd8 16. Qc7 Bxg2 17. Bxd7+ Rxd7 18. Qc8+ Rd8 19. Rg1 0-0 20. Qc6 Bxc6 21. Rxg5 f6 22. Rg1 Rc8 23. Kd2 Bd5 24. b4 Bc4 25. a4 Kf7 26. Bc3 a6 27. Rg3 Rc7 28. e4 Rfc8 29. Rcg1 g6 30. Ra1 f5 31. Re1 fxe4 32. Rxe4 Bd5 33. Re1 Ke8 34. Ree3 Rf7 35. Ke1 Kd7 36. Re2 Rcf8 37. Rb2 Rf4 38. Kf1 Rh4 39. Kg1 Rf5 40. Rd2 Rfh5 41. f3 Rf5 42. Rd3 Rf8 43. Kg2 Bb3 44. a5 bxa5 45. bxa5 Rb8 46. Rg5 Rf4 47. Kf2 Bd5 48. Rg1 Rb3 49. Rc1 Rf8 50. Re3 Rc8 51. Ke2 Ra3 52. Bd2 Rxc1 53. Rxa3 Bc4+ 54. Kf2 Rf1+ 55. Kg3 Rd1 56. Be3 Kc6 57. Rc3 Kb5 58. Rc2 Rd3 59. Kf2 Rb3 60. h4 h5 61. Bd2 Rd3 62. Be3 Ra3 63. Bd2 Bd5 64. Be3 Rxa5 65. Rc7 Ra2+ 66. Kg3 Ra3 67. Kf2 a5 68. Rg7 a4 69. Rxg6 Ra2+ 70. Kg3 a3 71. Kf4 Rb2 72. Bc1 Rb3 73. Bxa3 Rxa3 74. Kg5 Bxf3 75. Rxe6 d5 0-1

[Event "Brasschaat op 08th"]
[Site "Brasschaat"]
[Date "2008.08.16"]
[Round "1"]
[White "De Block, Gert"]
[Black "Nieto, Emanuel"]
[Result "0-1"]
[WhiteElo "1702"]
[BlackElo "2276"]
[PlyCount "82"]
[EventDate "2008.08.16"]
[EventType "swiss"]
[EventRounds "9"]
[EventCountry "BEL"]
[SourceTitle "EXT 2017"]
[Source "ChessBase"]
[SourceDate "2016.10.25"]
[SourceVersion "1"]
[SourceVersionDate "2016.10.25"]
[SourceQuality "1"]

1. e4 c5 2. c3 Nf6 3. e5 Nd5 4. d4 cxd4 5. cxd4 e6 6. Bc4 d6 7. Nf3 Nd7 8. Bxd5 exd5 9. 0-0 dxe5 10. dxe5 Nb6 11. Re1 Be7 12. Nc3 0-0 13. b3 Be6 14. Bb2 a6 15. Nd4 Rc8 16. Nxe6 fxe6 17. Qg4 Rc6 18. Rad1 Qc8 19. Ne2 Bc5 20. Bd4 Bb4 21. Rf1 Nd7 22. Bb2 Bc5 23. Nf4 Qe8 24. Rd3 Rf5 25. Rg3 Qf7 26. Nd3 Ba7 27. Bd4 h5 28. Qh4 Bxd4 29. Qxd4 Rc2 30. a4 b6 31. Re3 a5 32. b4 Rc4 33. Qb2 axb4 34. Nxb4 Nc5 35. Ra1 Qc7 36. a5 bxa5 37. Nc2 Ne4 38. Nd4 Rb4 39. Rb3 Rxf2 40. Nxe6 Rxb2 41. Nxc7 R4xb3 0-1